[Event "Euskadi tch DH"]
[Site ""]
[Date "2012.01.28"]
[Round "3.2"]
[White "Alonso Arburu, Juan Ignacio"]
[Black "Franco Alonso, Alejandro"]
[Result "1/2-1/2"]
[WhiteElo "2364"]
[BlackElo "2449"]

1.d4 d5 2.c4 e6 3.Nf3 Nf6 4.Nc3 Be7 5.e3 O-O 6.Qc2 c5 7.dxc5 Bxc5 8.a3 Be7
9.cxd5 exd5 10.Bd3 Nc6 11.O-O Bg4 12.Nd4 Re8 13.h3 Bh5 14.Nxc6 bxc6 15.Ne2
Qb6 16.Nf4 Bg6 17.Nxg6 hxg6 18.Bd2 a5 19.Rfc1 c5 20.Bc3 c4 21.Be2 Ne4 22.
Bd4 Bc5 23.Rd1 Rab8 24.Rab1 Bxd4 25.Rxd4 Nf6 26.Bf3 Qb3 27.Qxb3 Rxb3 28.
Rc1 Rb5 29.Rc2 Reb8 30.Rdd2 g5 31.g4 Rc5 32.Kg2 Rb3 33.Rc3 1/2-1/2

[Event "Euskadi tch DH"]
[Site ""]
[Date "2012.01.28"]
[Round "3.2"]
[White "Gonzalez De La Torre, Santiago"]
[Black "Cruz-Lopez Claret, Carlos"]
[Result "1-0"]
[WhiteElo "2441"]
[BlackElo "2334"]

1.e4 e5 2.Nf3 Nc6 3.Bb5 a6 4.Ba4 d6 5.c3 f5 6.exf5 Bxf5 7.O-O Bd3 8.Re1 
Be7 9.Bc2 Bxc2 10.Qxc2 Nf6 11.d4 e4 12.Ng5 d5 13.f3 h6 14.Nh3 O-O 15.Nd2 
exf3 16.Nxf3 Rf7 17.Nf2 Bd6 18.Ne5 Bxe5 19.dxe5 Re7 20.Bf4 Nh5 21.Bxh6 Qe8
22.Bg5 Rxe5 23.Qd2 Qf7 24.Ng4 Rxe1+ 25.Rxe1 Rf8 26.Ne3 d4 27.cxd4 Nxd4 28.
Rf1 Qg6 29.Qxd4 Rxf1+ 30.Nxf1 Qxg5 31.Qc4+ Kh8 32.Qxc7 Nf4 33.g3 Nd3 34.
Qxb7 Qc5+ 35.Kh1 Nf2+ 36.Kg2 Nd1 37.Qa8+ Kh7 38.Qe4+ g6 39.Qe2 Qd5+ 40.Qf3
Qd4 41.b3 Qb2+ 42.Kg1 Qd4+ 43.Kh1 Nf2+ 44.Kg2 Nd1 45.g4 Qb2+ 46.Kh3 Nc3 
47.Qf7+ Kh6 48.Qf8+ Kh7 49.Qf7+ Kh6 50.Qf6 Qc2 51.Kh4 Kh7 52.Qf7+ Kh8 53.
Qe8+ Kg7 54.Qe7+ Kg8 55.Kg5 Qc1+ 56.Kxg6 1-0

[Event "Euskadi tch DH"]
[Site ""]
[Date "2012.01.28"]
[Round "3.2"]
[White "Argandoña Riveiro, Iñigo"]
[Black "Serras Uria, Antonio"]
[Result "1-0"]
[WhiteElo "2387"]
[BlackElo "2191"]

1.c4 e5 2.Nc3 Nc6 3.Nf3 g6 4.d4 exd4 5.Nxd4 Bg7 6.Nxc6 bxc6 7.g3 Ne7 8.Bg2
O-O 9.O-O Rb8 10.Qa4 a6 11.Rd1 d6 12.Qc2 Be6 13.b3 Qc8 14.Bb2 f5 15.e3 Qe8
16.Rd2 g5 17.Re1 Qh5 18.f4 h6 19.Nd1 Rf7 20.Bxg7 Rxg7 21.Qc3 c5 22.Qa5 Rb6
23.Nc3 Bd7 24.Na4 Nc6 25.Qc3 Rb8 26.Qf6 gxf4 27.exf4 Re8 28.Rxe8+ Qxe8 29.
Kf2 Nd4 30.Nc3 Kh7 31.Nd5 c6 32.Qxd4 cxd4 33.Nf6+ Kh8 34.Nxe8 Bxe8 35.Rxd4
Rg6 36.Bh3 Rf6 37.c5 dxc5 38.Rd8 Rf8 39.Bxf5 Rxf5 40.Rxe8+ Kg7 41.Re5 Rf6 
42.Rxc5 Rd6 43.Ke2 Kf6 44.Ra5 Re6+ 45.Kf3 1-0

[Event "Euskadi tch DH"]
[Site ""]
[Date "2012.01.28"]
[Round "3.3"]
[White "Garbisu De Goñi, Unai"]
[Black "Huerga Leache, Mikel"]
[Result "1-0"]
[WhiteElo "2450"]
[BlackElo "2436"]

1.e4 c5 2.Nf3 d6 3.d4 cxd4 4.Nxd4 Nf6 5.Nc3 g6 6.Be3 Bg7 7.f3 O-O 8.Qd2 
Nc6 9.O-O-O d5 10.exd5 Nxd5 11.Nxc6 bxc6 12.Bd4 Bxd4 13.Qxd4 Qb6 14.Na4 
Qc7 15.Bc4 Rd8 16.g3 Bh3 17.Qh4 Bg2 18.Rhe1 Nf6 19.Be2 Rxd1+ 20.Bxd1 Qa5 
21.Nc3 Qf5 22.Rxe7 Bxf3 23.Bxf3 Qxf3 24.Qd4 Qh1+ 25.Nd1 Nd5 26.Re2 a5 27.
c4 Nb4 28.a3 Qf1 29.Kd2 Na6 30.Ne3 Qb1 31.Ng4 h5 32.Nf6+ Kh8 33.Nxh5+ 1-0

[Event "Euskadi tch DH"]
[Site ""]
[Date "2012.01.28"]
[Round "3.3"]
[White "Varas, Carlos"]
[Black "Mindeguia Guruceaga, Juan Jesus"]
[Result "1-0"]
[WhiteElo "2259"]
[BlackElo "2234"]

1.e4 c5 2.Nf3 Nf6 3.Nc3 d5 4.exd5 Nxd5 5.Ne4 e6 6.d4 cxd4 7.Nxd4 Be7 8.Be2
O-O 9.O-O e5 10.Nb5 Bf5 11.Ned6 Be6 12.Bf3 a6 13.Nxb7 Qd7 14.c4 e4 15.Bxe4
Nf6 16.Qxd7 Bxd7 17.N5d6 Nxe4 18.Nxe4 Bc6 19.Ned6 Ra7 20.Re1 Rxb7 21.Nxb7 
Bb4 22.Re3 Bxb7 23.Rb3 Nc6 24.a3 1-0

[Event "Euskadi tch DH"]
[Site ""]
[Date "2012.01.28"]
[Round "3.3"]
[White "Mombiela Martinez, Gonzalo"]
[Black "Sadusea, Johnny"]
[Result "1-0"]
[WhiteElo "2091"]
[BlackElo "2133"]

1.d4 Nf6 2.Nf3 e6 3.Bg5 d5 4.e3 c5 5.c3 Nc6 6.Bd3 Bd6 7.Nbd2 O-O 8.O-O e5 
9.dxe5 Nxe5 10.Nxe5 Bxe5 11.Nf3 Bg4 12.Be2 Re8 13.Nxe5 Bxe2 14.Qxe2 Rxe5 
15.Bh4 Qb6 16.Bxf6 Qxf6 17.Rad1 Rae8 18.Rd2 h5 19.Rfd1 Qe6 20.Qf3 Rf5 21.
Qg3 d4 22.cxd4 cxd4 23.Rxd4 Qxa2 24.b4 a5 25.bxa5 Qxa5 26.h3 g6 27.Rb1 Rc8
28.e4 Rb5 29.Rbd1 Rbc5 30.Rd7 Rc1 31.Rxc1 Rxc1+ 32.Kh2 Qa1 33.Qf4 Rh1+ 34.
Kg3 Qc3+ 35.Kh4 Qc4 36.Qe5 Qc8 37.Qd4 Qxd7 38.Qxd7 Rb1 39.Kg5 1-0

[Event "Euskadi tch DH"]
[Site ""]
[Date "2012.01.28"]
[Round "3.3"]
[White "Valdezate Suarez, Fernando"]
[Black "Jimenez Almeida, Luis David"]
[Result "1-0"]
[WhiteElo "1992"]
[BlackElo "2043"]

1.d4 Nf6 2.c4 c5 3.d5 b5 4.cxb5 a6 5.bxa6 Bxa6 6.Nc3 g6 7.e4 Bxf1 8.Kxf1 
d6 9.Nge2 Bg7 10.h3 O-O 11.Kg1 Qb6 12.Kh2 Na6 13.Rb1 Rfb8 14.Rf1 Nd7 15.
Kh1 Nc7 16.Qc2 Qa6 17.Bg5 Kf8 18.Qd2 Rb4 19.Bh6 Ne5 20.Bxg7+ Kxg7 21.Qg5 
f6 22.Qc1 Rab8 23.b3 Nb5 24.Nxb5 R8xb5 25.Nc3 Ra5 26.f3 h5 27.Qe1 Rb7 28.
f4 Nf7 29.Qg3 Ra3 30.Rf3 c4 31.b4 Qa7 32.h4 Qb8 33.b5 Qc8 34.Qf2 Nh6 35.f5
g5 36.hxg5 fxg5 37.Qd4+ Kh7 38.Rh3 Qe8 39.Qxc4 g4 40.Re3 Qf7 41.Qc8 Rba7 
42.b6 Ra8 43.b7 Rxc8 44.bxc8=Q Qf6 45.Qe6 1-0

[Event "Euskadi tch DH"]
[Site ""]
[Date "2012.01.28"]
[Round "3.4"]
[White "Ruiz Gomez, Alejandro"]
[Black "Libiszewski, Fabien"]
[Result "1/2-1/2"]
[WhiteElo "2413"]
[BlackElo "2509"]

1.Nf3 Nf6 2.g3 g6 3.Bg2 Bg7 4.O-O O-O 5.d4 d6 6.a4 a5 7.c3 Nbd7 8.Na3 e5 
9.dxe5 dxe5 10.Nb5 Ne8 11.Be3 Qe7 12.Qb3 Kh8 13.Qa3 Qxa3 14.Rxa3 Bf6 15.
Raa1 Be7 16.Rfd1 f6 17.Bh3 f5 18.Bh6 Rf6 19.Bg5 Rf7 20.Rxd7 Bxd7 21.Nxe5 
Rg7 22.Bh6 Be6 23.Bxg7+ Kxg7 24.Bg2 c6 25.Nd4 Bg8 26.e4 Bf6 27.f4 fxe4 28.
Bxe4 Nd6 29.Bd3 Rd8 30.Re1 Nc8 31.Bc2 Nb6 32.Kf2 Re8 33.Nef3 Rxe1 34.Nxe1 
c5 35.Nb5 Be7 36.Nd3 Bf7 37.Ne5 Be8 38.c4 Bxb5 39.cxb5 Bf6 40.b3 Nc8 41.
Be4 Nd6 42.Bd5 b6 43.Ke3 Bd8 44.g4 Bc7 45.Bc4 Kf6 46.h4 Kg7 47.Bd3 Bd8 48.
g5 Bc7 49.Kf3 Bd8 50.Kg4 Bc7 51.Nd7 h5+ 52.Kf3 Nc8 53.Ke4 Ne7 54.Kf3 Bd8 
55.Ne5 Bc7 56.Nc4 Kf7 57.Ne3 Kg7 58.f5 gxf5 59.Bxf5 Be5 60.Ke4 Bg3 61.Nc4 
Bc7 62.Bd7 Kf8 63.Ne3 Bg3 64.Nd5 Nxd5 65.Kxd5 Bxh4 66.g6 Bf2 67.Bf5 h4 68.
Kc6 c4 69.bxc4 Kg7 70.Kd5 h3 71.Bxh3 Kxg6 1/2-1/2

[Event "Euskadi tch DH"]
[Site ""]
[Date "2012.01.28"]
[Round "3.4"]
[White "Limeres Guiance, Cristobal"]
[Black "Segovia Sanchez, Antonio"]
[Result "1-0"]
[WhiteElo "2209"]
[BlackElo "2045"]

1.d4 d5 2.c4 c6 3.cxd5 cxd5 4.Nc3 Nf6 5.Bf4 Nc6 6.e3 a6 7.Bd3 Bg4 8.Nge2 
e6 9.Rc1 Be7 10.Qb3 Ra7 11.O-O Bh5 12.Bg5 O-O 13.Nf4 Bg6 14.Bxf6 Bxf6 15.
Na4 Qd6 16.Bxg6 hxg6 17.Qb6 Bd8 18.Qc5 Bc7 19.Qxd6 Bxd6 20.Nd3 Rd8 21.Nac5
Na5 22.Rc3 b6 23.Na4 Rb7 24.Rfc1 Kf8 25.b3 Ke8 26.Kf1 Kd7 {(Ilegible)} 1-0

[Event "Euskadi tch DH"]
[Site ""]
[Date "2012.01.28"]
[Round "3.4"]
[White "Montolio Benedicto, Cesar"]
[Black "Gete Rodriguez, Isidro"]
[Result "0-1"]
[WhiteElo "1967"]
[BlackElo "2146"]

1.e4 c5 2.c3 e5 3.Nf3 Nc6 4.d4 cxd4 5.cxd4 exd4 6.Nxd4 Nf6 7.Nc3 Bb4 8.Nf5
O-O 9.Bd3 d5 10.exd5 Qxd5 11.Ne3 Qd4 12.Qc2 Ne5 13.Bf5 Bxf5 14.Nxf5 Bxc3+ 
15.Qxc3 Nd3+ 0-1

[Event "Euskadi tch DH"]
[Site ""]
[Date "2012.01.28"]
[Round "3.5"]
[White "Astasio López, David"]
[Black "Istratescu, Andrei"]
[Result "1-0"]
[WhiteElo "2321"]
[BlackElo "2627"]

1. d4 Nf6 2. Nf3 g6 3. Nbd2 Bg7 4. e4 d6 5. Bc4 O-O 6. O-O Bg4 7. h3 Bxf3 8.
Nxf3 c6 9. e5 Nd5 10. Qe2 dxe5 11. dxe5 e6 12. Bb3 b5 13. c4 bxc4 14. Bxc4 Nd7
15. Re1 a5 16. b3 Qb6 17. Ba3 Nb4 18. Bb2 h6 19. Red1 Nd5 20. Rac1 Rfc8 21. Ba3
Bf8 22. Bxf8 Kxf8 23. Rd4 Kg7 24. Bd3 c5 25. Rg4 Qd8 26. h4 h5 27. Rg3 Nf4 28.
Qe4 Nxd3 29. Qxd3 a4 30. Qe4 axb3 31. axb3 Qc7 32. Qf4 Rab8 33. Qg5 Rxb3 34.
Qxh5 Rh8 35. Qg5 Qd8 36. Qf4 Rb4 37. Rc4 Nb6 38. Rxb4 cxb4 39. Qxb4 Qd1+ 40.
Kh2 Nd5 41. Qg4 Qe2 42. Qd4 Ne7 43. Rg4 Nf5 44. Qa7 Rc8 45. h5 Qc2 46. Rxg6+
Kf8 47. Rf6 Rc7 48. Qa8+ Kg7 49. Qd8 Rb7 50. Qd2 Qxd2 51. Nxd2 Rb5 52. Nf3 Rb2
53. Ng5 Nh6 54. Rf4 Re2 55. Ne4 Nf5 56. g4 Nh6 57. Kg3 Re1 58. Kg2 Kf8 59. f3
Kg7 60. Kf2 Ra1 61. Nd6 Ra7 62. g5 Ng8 63. h6+ Kf8 64. Rxf7+ 1-0

[Event "Euskadi tch DH"]
[Site ""]
[Date "2012.01.28"]
[Round "3.5"]
[White "Romero Holmes, Alfonso"]
[Black "Pérez de miguel, Álvaro"]
[Result "1/2-1/2"]
[WhiteElo "2488"]
[BlackElo "2190"]

1. e4 c6 2. d4 d5 3. e5 c5 4. dxc5 Nc6 5. Nf3 e6 6. Bd3 Bxc5 7. O-O Nge7 8. Bf4
Ng6 9. Bg3 O-O 10. Nc3 a6 11. h4 f5 12. exf6 Qxf6 13. Ng5 Nce7 14. Nxh7 Kxh7
15. h5 Qg5 16. hxg6+ Nxg6 17. Ne2 Kg8 18. Bxg6 Qxg6 19. Nd4 e5 20. Bxe5 Bh3 21.
Bg3 Bg4 22. Qd2 Rad8 23. Rfe1 Bf5 24. Re5 Kh8 25. Rae1 Bd6 26. R5e3 Be4 27. Qe2
Bf4 28. Rb3 Be5 29. Rd1 Rc8 30. c3 Bxg3 31. fxg3 Qxg3 32. c4 Qg6 33. Rh3+ Kg8
34. cxd5 Bxd5 35. Nf3 Bxf3 36. Rxf3 Rxf3 37. Qxf3 Qb6+ 38. Kh1 Qh6+ 39. Kg1
Qb6+ 1/2-1/2

[Event "Euskadi tch DH"]
[Site ""]
[Date "2012.01.28"]
[Round "3.5"]
[White "Albaina Alvarez, Alvaro"]
[Black "Gómez Esteban, Juan Mario"]
[Result "0-1"]
[WhiteElo "2144"]
[BlackElo "2488"]

1. e4 c6 2. d4 d5 3. exd5 cxd5 4. c4 Nf6 5. Nc3 e6 6. c5 Be7 7. Nf3 O-O 8. Bf4
Nc6 9. Bb5 Ne4 10. Nxe4 dxe4 11. Bxc6 bxc6 12. Ne5 Qa5+ 13. Qd2 Qa6 14. Qe2
Qxe2+ 15. Kxe2 Ba6+ 16. Kd2 Rac8 17. Kc3 f6 18. Nc4 e5 19. dxe5 Bxc5 20. Be3
Bxe3 21. fxe3 fxe5 22. Rad1 Bxc4 23. Kxc4 Rf2 24. Kc3 Rb8 25. b3 Rxa2 26. Rd7
a5 27. Rf1 Rxg2 28. Rff7 h5 29. Rfe7 Rb5 30. b4 axb4+ 31. Kb3 Rd5 32. Rc7 Rd3+
33. Kxb4 Rxe3 34. Rxe5 h4 35. Kc5 Re1 36. Kd6 Rg6+ 37. Ke7 Rf1 38. Rc8+ Kh7 39.
Rxe4 Rh6 40. Ke8 Rff6 41. Ke7 Rf2 42. h3 Rf3 43. Kd7 Rxh3 44. Ree8 Rd3+ 45. Kc7
h3 0-1

[Event "Euskadi tch DH"]
[Site ""]
[Date "2012.01.28"]
[Round "3.5"]
[White "Delorme, Axel"]
[Black "Gutiérrez Bustillo, Diego"]
[Result "1-0"]
[WhiteElo "2443"]
[BlackElo "2018"]

1. d4 f5 2. Nc3 Nf6 3. Bg5 d5 4. Bxf6 exf6 5. e3 Be6 6. Nge2 c6 7. Nf4 Bf7 8.
Bd3 g6 9. h3 Bd6 10. Qf3 Qb6 11. O-O-O Nd7 12. g4 fxg4 13. hxg4 O-O-O 14. Ng2
Bb4 15. Ne2 Qa5 16. Kb1 Be7 17. Nc1 Nb6 18. Nb3 Qb4 19. c3 Qa4 20. Bc2 Qb5 21.
Nf4 a5 22. Nd3 Nc4 23. Ka1 b6 24. Nd2 Kb7 25. Nxc4 dxc4 26. Nf4 a4 27. a3 Qa5
28. e4 h5 29. gxh5 gxh5 30. d5 cxd5 31. exd5 Rd6 32. Bg6 Bxg6 33. Nxg6 Rh7 34.
Rxh5 Rg7 35. Nh4 Rg5 36. Rxg5 fxg5 37. Nf5 Bf8 38. Nxd6+ Bxd6 39. Re1 Qb5 40.
Qf7+ Ka6 41. Re8 Qb3 42. Ra8+ Kb5 43. Qd7+ Kc5 1-0

[Event "Euskadi tch DH"]
[Site ""]
[Date "2012.02.04"]
[Round "4.3"]
[White "Iruzubieta Villaluenga, Jesus M"]
[Black "Varas, Carlos"]
[Result "1/2-1/2"]
[WhiteElo "2391"]
[BlackElo "2259"]

1.d4 Nf6 2.c4 e6 3.Nc3 Bb4 4.Qc2 c5 5.dxc5 Na6 6.a3 Bxc3+ 7.Qxc3 Nxc5 8.f3
O-O 9.e4 d6 10.Be3 Bd7 11.Bxc5 dxc5 12.O-O-O Qc7 13.e5 Nh5 14.Ne2 f5 15.
Ng3 Nxg3 16.hxg3 Rad8 17.Rd6 Ba4 18.b3 Bc6 19.Qd3 Rxd6 20.exd6 Qf7 21.Be2 
Qf6 22.Kb1 e5 23.Rd1 e4 24.Qe3 b6 25.Ka2 Rd8 26.Qd2 Qe5 27.fxe4 1/2-1/2

[Event "Euskadi tch DH"]
[Site ""]
[Date "2012.02.04"]
[Round "4.3"]
[White "Sadusea, Johnny"]
[Black "Limeres Guiance, Cristobal"]
[Result "0-1"]
[WhiteElo "2113"]
[BlackElo "2209"]

1.e4 e6 2.d4 d5 3.Nc3 Bb4 4.e5 Ne7 5.a3 Bxc3+ 6.bxc3 b6 7.Qg4 Nf5 8.Bd3 h5
9.Qe2 c5 10.dxc5 bxc5 11.Bxf5 exf5 12.Qb5+ Nd7 13.Nf3 O-O 14.O-O Qb6 15.
Qd3 Ba6 16.Qxf5 Bxf1 17.Ng5 Qg6 18.Qxd7 Bc4 19.Be3 Rfd8 20.Qh3 d4 21.cxd4 
cxd4 22.Bf4 d3 23.cxd3 Rxd3 24.Be3 Rad8 25.Qf3 f6 26.exf6 gxf6 27.Nh3 Qg4 
28.Kh1 Rd1+ 29.Rxd1 Rxd1+ 30.Ng1 Qxf3 31.gxf3 h4 32.h3 a5 33.Kg2 Rd3 34.
Bc5 Rc3 35.Bd6 Bd5 36.Be7 Kf7 37.Bd6 Bb7 38.Kf1 Bxf3 39.Nxf3 Rxf3 0-1

[Event "Euskadi tch DH"]
[Site ""]
[Date "2012.02.04"]
[Round "4.3"]
[White "Gete Rodriguez, Isidro"]
[Black "Cucarella Montell, Angels"]
[Result "1-0"]
[WhiteElo "2146"]
[BlackElo "1950"]

1.e4 c5 2.Nc3 e6 3.Nf3 Nc6 4.Bc4 a6 5.a4 d6 6.O-O Be7 7.d4 cxd4 8.Nxd4 Nf6
9.Bg5 O-O 10.Qd2 Qc7 11.Nxc6 bxc6 12.Rfe1 e5 13.a5 Be6 14.Bd3 d5 15.Bxf6 
Bxf6 16.Na4 Rfd8 17.Nb6 Ra7 18.Qe2 Qb7 19.c3 d4 20.Bc4 Bxc4 21.Qxc4 Qc7 
22.Rad1 c5 23.Rd3 Qc6 24.b4 Be7 25.cxd4 Rxd4 26.Rxd4 exd4 27.Nd5 Bf8 28.
Rc1 Ra8 29.Qxd4 Qa4 30.Ra1 cxd4 31.Rxa4 Rc8 32.Kf1 Rc2 33.Ra3 Rb2 34.Rd3 
Bxb4 35.Rxd4 Bxa5 36.Rc4 g6 37.Rc6 Rb1+ 38.Ke2 Re1+ 39.Kf3 Bd2 40.Rxa6 Kg7
41.g4 Bg5 42.Ra4 Rb1 43.Ra3 Rb2 44.Kg3 Bc1 45.Rd3 Re2 46.Nc3 Rc2 47.Kf3 
Bb2 48.Ne2 Be5 49.h3 Rb2 50.Ke3 Bc7 51.f4 Bb6+ 52.Kf3 Rb1 53.e5 Rb4 54.f5 
gxf5 55.gxf5 Rb5 56.Ke4 Bc7 57.Rd5 Rb4+ 58.Nd4 Rb1 59.e6 Re1+ 60.Kf3 Bb6 
61.exf7 Kxf7 62.Rd7+ Ke8 63.Rd5 Kf7 64.Ne6 Rf1+ 65.Kg4 Kf6 66.Nf4 Bc7 67.
Nh5+ Ke7 68.Kg5 Rf3 69.f6+ Ke6 70.Rd2 Bb6 71.Re2+ Kf7 72.Re7+ Kg8 73.Rg7+ 
Kf8 74.Rxh7 Rxh3 75.Kg6 Ke8 76.Ng7+ 1-0

[Event "Euskadi tch DH"]
[Site ""]
[Date "2012.02.04"]
[Round "4.1"]
[White "Bauer, Christian"]
[Black "Rebole Arbea, Jose Ignacio"]
[Result "1/2-1/2"]
[WhiteElo "2679"]
[BlackElo "2192"]

1.e4 c5 2.Nc3 Nc6 3.Nf3 e5 4.Bc4 d6 5.d3 Be7 6.Nd2 Nf6 7.Nf1 O-O 8.a3 Bg4 
9.f3 Be6 10.Ne3 Nd4 11.O-O Rb8 12.a4 a6 13.Ba2 b5 14.Ncd5 Nxd5 15.Nxd5 Bg5
16.Rf2 Bxc1 17.Qxc1 bxa4 18.Ne3 a3 19.bxa3 Bxa2 20.Rxa2 Qg5 21.c3 Ne6 22.
Rf1 Rb3 23.Nc4 Qxc1 24.Rxc1 Rfb8 25.Kf2 f6 26.g3 Kf8 27.Rcc2 Ke7 28.Na5 
R3b6 29.Ke3 Kd7 30.Nc4 Rb1 31.f4 h5 32.fxe5 dxe5 33.Rab2 R8xb2 34.Rxb2 
Rxb2 35.Nxb2 Kc6 36.a4 Nc7 37.Kf3 Ne8 38.Nc4 g5 39.h4 gxh4 40.gxh4 Ng7 41.
Ne3 Kb6 42.Nd5+ Ka5 43.Nxf6 Kxa4 44.Ke3 Kb3 45.Kd2 a5 46.Nd7 Ne6 47.Nxe5 
a4 48.Nc4 a3 49.Nxa3 Kxa3 50.d4 cxd4 51.cxd4 Nxd4 52.Ke3 Ne6 53.e5 Kb4 54.
Ke4 Kc5 55.Kf5 Kd5 56.Kg6 Nf4+ 57.Kf5 Ne6 58.Kf6 Nf4 1/2-1/2

[Event "Euskadi tch DH"]
[Site ""]
[Date "2012.02.04"]
[Round "4.3"]
[White "Gonzalez de la Torre, Santiago"]
[Black "Ducret, Thomas"]
[Result "1-0"]
[WhiteElo "2441"]
[BlackElo "2184"]

1.e4 c5 2.Nf3 Nc6 3.d4 cxd4 4.Nxd4 Qb6 5.Nb3 Nf6 6.Nc3 e6 7.a3 a6 8.Bf4 d5
9.exd5 Nxd5 10.Nxd5 exd5 11.Qxd5 Be6 12.Qe4 Be7 13.Bd3 Bxb3 14.cxb3 Rd8 
15.O-O Qd4 16.Rad1 Qxb2 17.Bc2 Rd4 18.Qf5 f6 19.Rxd4 Nxd4 20.Qc8+ Kf7 21.
Qc4+ Kf8 22.Bd1 Nc6 23.Bh5 Nd8 24.Rd1 g6 25.Bh6+ Ke8 26.Bg7 b5 27.Qd5 Qe5 
28.Qxe5 fxe5 29.Bxh8 1-0

[Event "Euskadi tch DH"]
[Site ""]
[Date "2012.02.04"]
[Round "4.4"]
[White "Fejzovski, Enver"]
[Black "Etchegaray, Patrice"]
[Result "0-1"]
[WhiteElo "2163"]
[BlackElo "2405"]

1.Nf3 Nf6 2.c4 g6 3.b3 Bg7 4.Bb2 O-O 5.g3 d6 6.Bg2 e5 7.d3 Nh5 8.Qc1 f5 9.
O-O c6 10.Nbd2 Re8 11.e4 Na6 12.d4 exd4 13.exf5 Bxf5 14.Bxd4 Nf6 15.a3 Nc5
16.Nh4 Bg4 17.Nhf3 Qd7 18.b4 Na4 19.Nb3 Qf5 20.Qf4 Qxf4 21.gxf4 Nh5 22.
Bxg7 Kxg7 23.Na5 Re7 24.Nd4 Nxf4 25.Rfe1 Rae8 26.Re3 Rxe3 27.fxe3 Nxg2 28.
Kxg2 Bc8 29.Re1 a6 30.e4 c5 31.Nf3 b6 32.Nb3 Nb2 33.bxc5 dxc5 34.Nbd2 Be6 
35.Rb1 Nxc4 36.Nxc4 Bxc4 37.Rxb6 Rxe4 38.Rc6 Re2+ 39.Kg3 Re3 40.Rc7+ Kf6 
41.Kf4 Rxa3 42.Rxc5 Be6 43.h4 Ra4+ 44.Ke3 h6 45.Rc6 Ke7 46.Nd4 Bf7 47.Rc7+
Kf6 48.Rc6+ Ke5 49.Nf3+ Kd5 50.Rf6 Be8 51.Rf8 Re4+ 52.Kf2 h5 53.Ng5 Re5 
54.Kg3 a5 55.Nh7 Bc6 56.Rd8+ Kc5 57.Ng5 a4 58.Kf4 Re7 59.Rd3 Bd5 60.Nh3 
Ra7 61.Ke5 Bc4 62.Rd8 a3 63.Rc8+ Kb4 64.Rb8+ Bb5 65.Nf4 a2 66.Nd5+ Ka5 0-1

[Event "Euskadi tch DH"]
[Site ""]
[Date "2012.02.11"]
[Round "5"]
[White "Alonso Arburu, Juan Ignacio"]
[Black "Diaz Herrero, Alvaro"]
[Result "0-1"]
[WhiteElo "2364"]
[BlackElo "2132"]

1.d4 Nf6 2.c4 e6 3.Nc3 c5 4.d5 exd5 5.cxd5 d6 6.e4 g6 7.h3 Bg7 8.Nf3 O-O 
9.Bd3 b5 10.O-O c4 11.Bc2 b4 12.Ne2 Nbd7 13.Re1 Nc5 14.Ng3 Nfd7 15.Bf4 Ne5
16.Nxe5 Bxe5 17.Bxe5 dxe5 18.Qd2 a5 19.Qh6 Ra6 20.Rad1 a4 21.Bb1 Qd6 22.
Rc1 c3 23.Qe3 Bd7 24.bxc3 b3 25.c4 Rb8 26.Ne2 f5 27.exf5 bxa2 28.Bxa2 gxf5
29.Nc3 e4 30.Nb5 f4 31.Qe2 Qg6 32.Kh1 Nd3 33.d6 Kh8 34.Rcd1 f3 35.gxf3 Nf4
36.Qf1 Bxh3 37.Qg1 Bg4 0-1

[Event "Euskadi tch DH"]
[Site ""]
[Date "2012.02.11"]
[Round "5"]
[White "Miguelez, Erlantz"]
[Black "Muñoz Perez, Ivan"]
[Result "1/2-1/2"]
[WhiteElo "2022"]
[BlackElo "2291"]

1.c4 Nf6 2.Nc3 g6 3.g3 Bg7 4.Bg2 O-O 5.d3 d6 6.Bg5 h6 7.Bxf6 Bxf6 8.e3 Bg7
9.Nge2 e5 10.O-O c6 11.Qd2 Be6 12.Rab1 Qd7 13.b4 Bh3 14.b5 Bxg2 15.Kxg2 f5
16.d4 Qf7 17.dxe5 dxe5 18.Rfd1 Qxc4 19.bxc6 bxc6 20.Rb7 Qe6 21.Qd6 Qxd6 
22.Rxd6 Bf6 23.g4 Rf7 24.Rxf7 Kxf7 25.gxf5 gxf5 26.Ng3 f4 27.Nf5 fxe3 28.
fxe3 Kg6 29.Nxh6 Kxh6 30.Rxf6+ Kg7 31.Re6 Kf7 32.Rxe5 Nd7 33.Ra5 Ke6 34.h4
Ne5 35.Ra6 Kf5 36.Ra4 Rg8+ 37.Kf1 Rg7 38.Rf4+ Ke6 39.Ne4 Ng6 40.Ng5+ Ke5 
41.Nf3+ Kd5 42.Rg4 Rf7 43.Ke2 Ne7 44.h5 Rh7 45.Rg5+ Kd6 46.Nd4 c5 47.Nf5+ 
Nxf5 48.Rxf5 Kc6 49.Kd3 Kb5 50.Kc3 a5 51.a4+ Kxa4 52.Rxc5 Re7 53.e4 Re6 
54.Kd4 Kb4 55.Rc8 Rd6+ 56.Ke5 Rh6 57.Kd4 Rd6+ 58.Ke5 Rh6 59.Kf4 Rxh5 60.e5
Rh1 61.e6 Re1 62.Kf5 a4 63.Kf6 a3 64.Ra8 Kb3 65.e7 1/2-1/2

[Event "Euskadi tch DH"]
[Site ""]
[Date "2012.02.11"]
[Round "5"]
[White "Olaizola Ortega, Luis"]
[Black "Sanz Rodero, Mikel"]
[Result "1-0"]
[WhiteElo "2215"]
[BlackElo "2045"]

1.Nf3 Nf6 2.c4 e6 3.g3 d5 4.Bg2 dxc4 5.Qa4+ Nbd7 6.Qxc4 c5 7.O-O b6 8.d4 
Bb7 9.Rd1 Qc8 10.Nc3 cxd4 11.Qxc8+ Rxc8 12.Nxd4 Bxg2 13.Kxg2 a6 14.a4 Bb4 
15.Na2 Be7 16.f3 O-O 17.e4 Rfd8 18.Be3 Ne5 19.b3 Ba3 20.Rd2 Bc5 21.Rad1 h6
22.g4 Nc6 23.Nxc6 Rxd2+ 24.Rxd2 Rxc6 25.Rc2 a5 26.b4 axb4 27.Nxb4 Rc7 28.
Na6 Ra7 29.Nxc5 bxc5 30.Rxc5 Rxa4 31.Rc8+ Kh7 32.h4 Ra2+ 33.Kg3 Ra3 34.Bd4
Nxe4+ 35.Kf4 Nf6 36.Bxf6 gxf6 37.Rc5 Ra4+ 38.Kg3 Rd4 39.h5 Kg7 40.Kf2 Rd5 
41.Rxd5 exd5 42.f4 Kf8 43.Ke3 Ke7 44.Kd4 Ke6 45.Kc5 f5 46.g5 hxg5 47.fxg5 
f4 48.h6 f3 49.h7 f2 50.h8=Q f1=Q 51.Qe8+ 1-0

[Event "Euskadi tch DH"]
[Site ""]
[Date "2012.02.11"]
[Round "5"]
[White "Zabala Perez, Aritz"]
[Black "Serras Uria, Antxon"]
[Result "0-1"]
[WhiteElo "1968"]
[BlackElo "2191"]

1.d4 Nf6 2.Nf3 g6 3.g3 Bg7 4.Bg2 d6 5.O-O O-O 6.c4 Nc6 7.Bf4 Nh5 8.Be3 e5 
9.dxe5 dxe5 10.Nc3 Nd4 11.c5 a6 12.Qc1 Qe7 13.Bxd4 exd4 14.Nd5 Qd8 15.Nf4 
Nxf4 16.Qxf4 Qe7 17.Nxd4 Qxc5 18.Rfd1 c6 19.e3 Qe5 20.Qxe5 Bxe5 21.Rd2 Rb8
22.b4 a5 23.a3 Ra8 24.Rc1 axb4 25.axb4 Rd8 26.Nf3 Rxd2 27.Nxd2 Be6 28.Nc4 
Bc7 29.Na5 Ra7 30.Ra1 Bb6 31.h4 c5 32.Rb1 cxb4 33.Nxb7 b3 34.Nd6 Ra2 35.
Be4 Rd2 36.Nb5 f5 37.Bf3 b2 38.Nc3 Rc2 39.Kg2 Bxe3 40.Nd1 Bd4 0-1

[Event "Euskadi tch DH"]
[Site ""]
[Date "2012.02.11"]
[Round "5.2"]
[White "Garbisu De Goñi, Unai"]
[Black "Alberdi Sololuze, Paulo"]
[Result "1-0"]
[WhiteElo "2450"]
[BlackElo "2192"]

1.e4 c6 2.d4 d5 3.exd5 cxd5 4.c4 Nf6 5.Nc3 g6 6.Qb3 Bg7 7.cxd5 O-O 8.Be2 
Nbd7 9.Bf3 Nb6 10.Nge2 Bg4 11.Bxg4 Nxg4 12.a4 a5 13.O-O Nf6 14.Nf4 Qd6 15.
Nb5 Qd7 16.d6 exd6 17.Be3 Ra6 18.Rfc1 Rc8 19.Rxc8+ Nxc8 20.d5 Ne7 21.Rc1 
Ne8 22.Nc7 Nxc7 23.Qxb7 Qxa4 24.h4 Qb5 25.Qxc7 Qe8 26.Ba7 Be5 27.Nd3 Qa8 
28.Bb8 Qxd5 29.Nxe5 Qxe5 30.Qb7 Qe2 31.Rc7 Nf5 32.Ba7 Qe1+ 33.Kh2 Qe5+ 34.
g3 Rxa7 35.Qb8+ Kg7 36.Qxa7 Qd5 37.Qb7 Qe6 38.Qf3 Qe5 39.Qc3 Nd4 40.Rc4 
Ne2 41.Qxe5+ dxe5 42.Ra4 Nc1 43.Rxa5 Nd3 44.b3 Nxf2 45.b4 Nd3 46.b5 e4 47.
b6 e3 48.b7 e2 49.Ra1 1-0

[Event "Euskadi tch DH"]
[Site ""]
[Date "2012.02.11"]
[Round "5.2"]
[White "Martinez Pelaez, David"]
[Black "Mombiela Martinez, Gonzalo"]
[Result "0-1"]
[WhiteElo "1987"]
[BlackElo "2091"]

1.e4 e5 2.Nf3 Nc6 3.Bc4 Nf6 4.d3 Be7 5.O-O O-O 6.Bb3 d5 7.Nbd2 Bg4 8.c3 
Qd7 9.Qe2 Rad8 10.Re1 d4 11.Bc2 Rfe8 12.h3 Bh5 13.Nf1 h6 14.Ng3 Bg6 15.Nh4
Bh7 16.Ngf5 Bf8 17.Qf3 g5 18.Nxh6+ Bxh6 19.Qxf6 Re6 20.Qf3 gxh4 21.Qg4+ 
Rg6 22.Qxh4 Bxc1 23.Raxc1 Kg7 24.Bd1 Rh8 25.Bg4 Qd6 26.Qg3 Bg8 27.Qf3 Rf6 
28.Qe2 Bh7 29.g3 Rh6 30.h4 Rd8 31.c4 Ne7 32.Qd2 Qg6 33.Qe2 Qd6 34.Qd2 Re8 
35.h5 Rg8 36.c5 Qc6 37.b4 Kh8 38.b5 Qf6 39.Be2 Qg5 40.Qa5 f5 41.Qxc7 fxe4 
42.dxe4 Bxe4 43.Bd1 Nd5 44.Qxb7 Qxc1 45.Qxa7 Rxh5 0-1

[Event "Euskadi tch DH"]
[Site ""]
[Date "2012.02.11"]
[Round "5.2"]
[White "Salinero De Prado, Juan Manuel"]
[Black "Rebole Arbea, Jose Ignacio"]
[Result "0-1"]
[WhiteElo "2141"]
[BlackElo "2192"]

1.d4 f5 2.Nc3 Nf6 3.Bg5 d5 4.Bxf6 exf6 5.e3 Be6 6.Qf3 Qd7 7.h4 h5 8.Nh3 
Bf7 9.Bd3 g6 10.Nf4 c6 11.O-O-O Qc7 12.Qe2 Nd7 13.f3 O-O-O 14.g4 Bh6 15.
gxf5 gxf5 16.Ng2 f4 17.e4 dxe4 18.Bxe4 Nb6 19.Kb1 Kb8 20.Qf2 Nc4 21.d5 
cxd5 22.Nxd5 Qe5 23.Nc3 f5 24.Bd3 Nxb2 25.Kxb2 Bg7 26.Qd2 Qa5 27.Rb1 Rc8 
28.Kc1 Bxc3 29.Qxf4+ Be5 30.Qb4 Qxb4 31.Rxb4 Rc5 32.Kb1 a5 33.Rb5 Rxb5+ 
34.Bxb5 Rg8 35.Ne3 Rg3 36.Nxf5 Rxf3 37.Rf1 Ra3 38.c4 Bg6 39.Bd7 Rd3 40.Be6
Rd6 41.Bd5 Rb6+ 42.Kc1 Rb2 43.Rf3 Rxa2 44.Ne7 Ra1+ 45.Kd2 Bb1 46.Rb3 Kc7 
47.Rxb7+ Kd6 48.Nc8+ Kc5 49.Ke3 Ra3+ 50.Kd2 Bf5 51.Rb5+ Kd4 52.Ne7 Bf4+ 
53.Kd1 Bg4+ 54.Kc2 Rc3+ 55.Kb2 Bc1+ 56.Kb1 Bd2 57.Bf7 Re3 58.Nc6+ Kc3 59.
Ka2 a4 60.Nb4 Re2 61.Ka3 Bc1+ 62.Kxa4 Bd7 63.Nd5+ Kd4 64.Bxh5 Ra2+ 65.Kb4 
Rb2+ 66.Ka5 Bxb5 0-1

[Event "Euskadi tch DH"]
[Site ""]
[Date "2012.02.11"]
[Round "5.2"]
[White "Jimenez Martin, Gustavo"]
[Black "Fernandez, G"]
[Result "0-1"]
[WhiteElo "2153"]
[BlackElo "2176"]

1.d4 Nf6 2.f4 g6 3.Nf3 Bg7 4.e3 O-O 5.Bd3 d6 6.b3 Nc6 7.Bb2 e5 8.fxe5 dxe5
9.Bb5 Ng4 10.Bxc6 bxc6 11.Qd2 Bh6 12.dxe5 Nxe3 13.Na3 Qxd2+ 14.Nxd2 Nxg2+ 
15.Kf2 Bxd2 16.Kxg2 Bf5 17.Kg3 Rad8 18.Rad1 g5 19.Kf3 h5 20.h3 Bxh3 21.
Rxh3 g4+ 22.Ke2 gxh3 23.Rg1+ Kh7 24.e6 h2 0-1